مساءلة الهزيمة : (Record no. 7870)
[ view plain ]
| 000 -الفاتح | |
|---|---|
| حقل البيانات ثابتة الطول | 00998nac a22001811u 4500 |
| 008 - عناصر البيانات ثابتة الطول - معلومات عامة | |
| حقل البيانات ثابتة الطول | 101107s2001 xxu||||| |||| 00| 0 ara d |
| 082 ## - رقم تصنيف ديوى العشرى | |
| رقم التصنيف | 301.20953 |
| رقم المادة | أ ن ص |
| 100 ## - المدخل الرئيسى - إسم شخصى | |
| الإسم الشخصى | الأنصاري ، محمد جابر |
| 9 (RLIN) | 20998 |
| 245 ## - بيان العنوان | |
| العنوان | مساءلة الهزيمة : |
| بقية العنوان | جديد العقل العربي بين صدمة 1967 ومنعطف الألفية : ثقافة المراجعة بوجه التراجع / |
| بيان المسئوليه,etc | محمد جابر النصاري |
| 260 ## - PUBLICATION, DISTRIBUTION, ETC. (IMPRINT) | |
| مكان الناشر او الموزع | بيروت : |
| اسم الناشر او الموزع | المؤسسة العربية للدراسات والنشر ، |
| تاريخ النشر أو التوزيع | 2001. |
| 300 ## - الوصف المادى | |
| التعداد | 158 ص ؛ |
| أبعاد الوعاء | 24 سم. |
| 500 ## - تبصرة عامة | |
| تبصرة عامة | Distributer : Al Moasasa Al Arabeya Lel Derasat Wa Al Nashr |
| 500 ## - تبصرة عامة | |
| تبصرة عامة | يشتمل على فهارس |
| 511 ## - | |
| -- | Catalogued by: Sara |
| 650 ## - المدخل الاضافى بالموضوع-مصطلح موضوعى | |
| مصطلح موضوعي أو اسم جغرافي كعنصر مدخل | الثقافة العربية |
| 9 (RLIN) | 13400 |
| 942 ## - عناصر المدخل الإضافي( كوها) | |
| Koha [default] item type | Book - Borrowing |
| سابقة رقم الطلب | 301.20953 أ ن ص |
| مصدر التصنيف او مخطط الترفيف | Dewey Decimal Classification |
| حالة التراجع | حالة الفقد | مصدر التصنيف او خطة الترفيف | حالة تلف | ليس للاعارة | مجموعات كوها | المكان الدائم | المكان الحالي | موقع الترفيف | تاريخ الاكتساب | Source of acquisition | رقم الاستدعاء | الباركود | Date last seen | التكلفة | نوع الوعاء |
|---|---|---|---|---|---|---|---|---|---|---|---|---|---|---|---|
| Dewey Decimal Classification | Central Library | Central Library | First floor | 08/02/2010 | 301.20953 أ ن ص | 000009663 | 15/07/2025 | 25.00 | Book - Borrowing |